<?xml version="1.0" encoding="UTF-8"?>
<collection xmlns="http://www.loc.gov/MARC21/slim">
<record>
  <controlfield tag="001">119809</controlfield>
  <controlfield tag="005">20240319081004.0</controlfield>
  <datafield tag="024" ind1="7" ind2=" ">
    <subfield code="2">doi</subfield>
    <subfield code="a">10.1016/j.chemosphere.2022.135706</subfield>
  </datafield>
  <datafield tag="024" ind1="8" ind2=" ">
    <subfield code="2">sideral</subfield>
    <subfield code="a">130751</subfield>
  </datafield>
  <datafield tag="037" ind1=" " ind2=" ">
    <subfield code="a">ART-2022-130751</subfield>
  </datafield>
  <datafield tag="041" ind1=" " ind2=" ">
    <subfield code="a">eng</subfield>
  </datafield>
  <datafield tag="100" ind1=" " ind2=" ">
    <subfield code="a">Abás, Elisa</subfield>
    <subfield code="u">Universidad de Zaragoza</subfield>
    <subfield code="0">(orcid)0000-0002-6674-7364</subfield>
  </datafield>
  <datafield tag="245" ind1=" " ind2=" ">
    <subfield code="a">Evidence of human impact in Antarctic region by studying atmospheric aerosols</subfield>
  </datafield>
  <datafield tag="260" ind1=" " ind2=" ">
    <subfield code="c">2022</subfield>
  </datafield>
  <datafield tag="506" ind1="0" ind2=" ">
    <subfield code="a">Access copy available to the general public</subfield>
    <subfield code="f">Unrestricted</subfield>
  </datafield>
  <datafield tag="520" ind1="3" ind2=" ">
    <subfield code="a">Air quality is a global concerning topic because of its great impact on the environment and health. Because of that, the study of atmospheric aerosols looking for harmful pollutants is rising, as well as the interest in the origin of the contaminants. Depending on the nature and size of the aerosols, some elements can be detected at a great distance from the emission source, even in Antarctica, where this study is conducted. Several samples of PM filters from 2018 to 2019 (Deception Island) and 2019–2020 (Livingston Island) campaigns have been analyzed by three powerful spectroscopic techniques: FESEM (Field Emission Scanning Electron Microscopy), LIBS (Laser Induced Breakdown Spectroscopy), and ICP-MS (Inductively Coupled Plasma Mass Spectrometry). These techniques have allowed us to find some heavy metals in the air of the Antarctic region (Al, Fe, Ti, Ni, Cr, and Mn). Deeper studies on ICP-MS results have confirmed those results and have also provided information on their potential sources. Thus, while Al, Fe, Ti and Mn concentrations can be explained by crustal origin, Ni and Cr presented high values only coherent with important human contribution. The results point out that the Antarctic region is no longer a clean and isolated environment from human pollution.</subfield>
  </datafield>
  <datafield tag="536" ind1=" " ind2=" ">
    <subfield code="9">info:eu-repo/grantAgreement/ES/DGA/E23-17D</subfield>
    <subfield code="9">info:eu-repo/grantAgreement/ES/DGA/E49-20R</subfield>
    <subfield code="9">info:eu-repo/grantAgreement/ES/MCINN/CTM2017-82929-R</subfield>
    <subfield code="9">info:eu-repo/grantAgreement/ES/UZ/UZ2021-CIE-01</subfield>
  </datafield>
  <datafield tag="540" ind1=" " ind2=" ">
    <subfield code="9">info:eu-repo/semantics/openAccess</subfield>
    <subfield code="a">by-nc-nd</subfield>
    <subfield code="u">http://creativecommons.org/licenses/by-nc-nd/3.0/es/</subfield>
  </datafield>
  <datafield tag="590" ind1=" " ind2=" ">
    <subfield code="a">8.8</subfield>
    <subfield code="b">2022</subfield>
  </datafield>
  <datafield tag="591" ind1=" " ind2=" ">
    <subfield code="a">ENVIRONMENTAL SCIENCES</subfield>
    <subfield code="b">30 / 275 = 0.109</subfield>
    <subfield code="c">2022</subfield>
    <subfield code="d">Q1</subfield>
    <subfield code="e">T1</subfield>
  </datafield>
  <datafield tag="592" ind1=" " ind2=" ">
    <subfield code="a">1.727</subfield>
    <subfield code="b">2022</subfield>
  </datafield>
  <datafield tag="593" ind1=" " ind2=" ">
    <subfield code="a">Chemistry (miscellaneous)</subfield>
    <subfield code="c">2022</subfield>
    <subfield code="d">Q1</subfield>
  </datafield>
  <datafield tag="593" ind1=" " ind2=" ">
    <subfield code="a">Environmental Chemistry</subfield>
    <subfield code="c">2022</subfield>
    <subfield code="d">Q1</subfield>
  </datafield>
  <datafield tag="593" ind1=" " ind2=" ">
    <subfield code="a">Environmental Engineering</subfield>
    <subfield code="c">2022</subfield>
    <subfield code="d">Q1</subfield>
  </datafield>
  <datafield tag="593" ind1=" " ind2=" ">
    <subfield code="a">Public Health, Environmental and Occupational Health</subfield>
    <subfield code="c">2022</subfield>
    <subfield code="d">Q1</subfield>
  </datafield>
  <datafield tag="593" ind1=" " ind2=" ">
    <subfield code="a">Medicine (miscellaneous)</subfield>
    <subfield code="c">2022</subfield>
    <subfield code="d">Q1</subfield>
  </datafield>
  <datafield tag="593" ind1=" " ind2=" ">
    <subfield code="a">Pollution</subfield>
    <subfield code="c">2022</subfield>
    <subfield code="d">Q1</subfield>
  </datafield>
  <datafield tag="593" ind1=" " ind2=" ">
    <subfield code="a">Health, Toxicology and Mutagenesis</subfield>
    <subfield code="c">2022</subfield>
    <subfield code="d">Q1</subfield>
  </datafield>
  <datafield tag="594" ind1=" " ind2=" ">
    <subfield code="a">13.3</subfield>
    <subfield code="b">2022</subfield>
  </datafield>
  <datafield tag="655" ind1=" " ind2="4">
    <subfield code="a">info:eu-repo/semantics/article</subfield>
    <subfield code="v">info:eu-repo/semantics/publishedVersion</subfield>
  </datafield>
  <datafield tag="700" ind1=" " ind2=" ">
    <subfield code="a">Marina-Montes, César</subfield>
    <subfield code="u">Universidad de Zaragoza</subfield>
    <subfield code="0">(orcid)0000-0001-5652-3677</subfield>
  </datafield>
  <datafield tag="700" ind1=" " ind2=" ">
    <subfield code="a">Laguna, Mariano</subfield>
    <subfield code="0">(orcid)0000-0002-5801-3352</subfield>
  </datafield>
  <datafield tag="700" ind1=" " ind2=" ">
    <subfield code="a">Lasheras, Roberto</subfield>
  </datafield>
  <datafield tag="700" ind1=" " ind2=" ">
    <subfield code="a">Rivas, Patricia</subfield>
  </datafield>
  <datafield tag="700" ind1=" " ind2=" ">
    <subfield code="a">Peribáñez, Pablo</subfield>
  </datafield>
  <datafield tag="700" ind1=" " ind2=" ">
    <subfield code="a">Valle, Javier del</subfield>
    <subfield code="0">(orcid)0000-0002-9414-4720</subfield>
  </datafield>
  <datafield tag="700" ind1=" " ind2=" ">
    <subfield code="a">Escudero, Miguel</subfield>
    <subfield code="u">Universidad de Zaragoza</subfield>
    <subfield code="0">(orcid)0000-0001-8227-5689</subfield>
  </datafield>
  <datafield tag="700" ind1=" " ind2=" ">
    <subfield code="a">Velásquez, Abrahan</subfield>
    <subfield code="0">(orcid)0000-0002-0010-4729</subfield>
  </datafield>
  <datafield tag="700" ind1=" " ind2=" ">
    <subfield code="a">Cáceres, Jorge O.</subfield>
  </datafield>
  <datafield tag="700" ind1=" " ind2=" ">
    <subfield code="a">Pérez-Arribas, Luis Vicente</subfield>
  </datafield>
  <datafield tag="700" ind1=" " ind2=" ">
    <subfield code="a">Anzano, Jesús</subfield>
    <subfield code="u">Universidad de Zaragoza</subfield>
    <subfield code="0">(orcid)0000-0002-8581-4972</subfield>
  </datafield>
  <datafield tag="710" ind1="2" ind2=" ">
    <subfield code="1">2002</subfield>
    <subfield code="2">385</subfield>
    <subfield code="a">Universidad de Zaragoza</subfield>
    <subfield code="b">Dpto. Física Aplicada</subfield>
    <subfield code="c">Área Física Aplicada</subfield>
  </datafield>
  <datafield tag="710" ind1="2" ind2=" ">
    <subfield code="1">2009</subfield>
    <subfield code="2">750</subfield>
    <subfield code="a">Universidad de Zaragoza</subfield>
    <subfield code="b">Dpto. Química Analítica</subfield>
    <subfield code="c">Área Química Analítica</subfield>
  </datafield>
  <datafield tag="773" ind1=" " ind2=" ">
    <subfield code="g">307, Part 1 (2022), 135706 [7 pp.]</subfield>
    <subfield code="p">Chemosphere</subfield>
    <subfield code="t">CHEMOSPHERE</subfield>
    <subfield code="x">0045-6535</subfield>
  </datafield>
  <datafield tag="856" ind1="4" ind2=" ">
    <subfield code="s">3655968</subfield>
    <subfield code="u">http://zaguan.unizar.es/record/119809/files/texto_completo.pdf</subfield>
    <subfield code="y">Versión publicada</subfield>
  </datafield>
  <datafield tag="856" ind1="4" ind2=" ">
    <subfield code="s">1970879</subfield>
    <subfield code="u">http://zaguan.unizar.es/record/119809/files/texto_completo.jpg?subformat=icon</subfield>
    <subfield code="x">icon</subfield>
    <subfield code="y">Versión publicada</subfield>
  </datafield>
  <datafield tag="909" ind1="C" ind2="O">
    <subfield code="o">oai:zaguan.unizar.es:119809</subfield>
    <subfield code="p">articulos</subfield>
    <subfield code="p">driver</subfield>
  </datafield>
  <datafield tag="951" ind1=" " ind2=" ">
    <subfield code="a">2024-03-18-14:24:55</subfield>
  </datafield>
  <datafield tag="980" ind1=" " ind2=" ">
    <subfield code="a">ARTICLE</subfield>
  </datafield>
</record>
</collection>